Normal view
MARC view
- Petrovskiĭ, I. G.
Entry Personal Name
001 - CONTROL NUMBER
- control field: 10523
003 - CONTROL NUMBER IDENTIFIER
- control field: NUST
005 - DATE AND TIME OF LATEST TRANSACTION
- control field: 20180525110831.0
008 - FIXED-LENGTH DATA ELEMENTS
- fixed length control field: 180525|| aca||aabn | a|a d
040 ## - CATALOGING SOURCE
- Original cataloging agency: NUST
- Transcribing agency: NUST
100 ## - HEADING--PERSONAL NAME
- Personal name: Petrovskiĭ, I. G.
- Fuller form of name: (Ivan Georgievich)
670 ## - SOURCE DATA FOUND
- Source citation: Work cat.: (NUST)0: Petrovskiĭ, I. G. (Ivan Georgievich), Ordinary differential equations, [1973, c1966]
